[Event "POL-ch"]
[Site "Sopot"]
[Date "1997.??.??"]
[Round "15"]
[White "Krasenkow, Michal"]
[Black "Jaracz, Pawel"]
[Result "1-0"]
[WhiteElo "2615"]
[BlackElo "2445"]

1.c4 Nf6 2.d4 e6 3.Nf3 b6 4.g3 Bb4+ 5.Bd2 Be7 6.Bg2 d5 7.Nc3 c6 8.Ne5 Nfd7
9.Bf4 Nxe5 10.Bxe5 O-O 11.cxd5 cxd5 12.e4 Bb7 13.exd5 Bb4 14.Qg4 f6 15.Bf4 Bxd5
16.O-O Bxc3 17.bxc3 Nc6 18.Rfe1 Re8 19.Bf1 Na5 20.Bd3 Qd7 21.Qh5 g6 22.Qg4 Rac8
23.Rac1 Nc4 24.h4 Bb7 25.Bh6 f5 26.Qh3 Nd6 27.Bf4 Nf7 28.g4 Qd5 29.gxf5 exf5
30.h5 g5 31.Bd2 Kh8 32.c4 g4 33.cxd5 gxh3 34.Rxe8+ Rxe8 35.Bxf5 Bxd5 36.Bxh3 Nd6
37.Rc7 Rg8+ 38.Kh2 Rf8 39.Be3 Nc4 40.Rxa7 Nxe3 41.fxe3 Rf2+ 42.Kg3 Rf3+ 43.Kh4 Rxe3
44.Bf5 Bg8 45.Ra8 h6 46.d5  1-0

[Event "Piatka op"]
[Site "Swidnica"]
[Date "1997.??.??"]
[Round "?"]
[White "Krasenkow, Michal"]
[Black "Volkov, Sergey"]
[Result "1-0"]
[WhiteElo "2615"]
[BlackElo "2480"]

1.Nf3 d5 2.d4 c6 3.c4 e6 4.Qc2 dxc4 5.Qxc4 Nf6 6.Bg5 h6 7.Bxf6 Qxf6 8.e4 Nd7
9.Nc3 a5 10.Be2 Qd8 11.O-O Be7 12.Rad1 O-O 13.Rfe1 a4 14.Qd3 a3 15.b3 Qa5
16.Bf1 Bb4 17.Re3 Rd8 18.Qc2 b6 19.Nd2 Bb7 20.Nc4 Qa7 21.Rg3 b5 22.Ne3 Nf6
23.e5 Nh5 24.Rg4 Qb6 25.Ne4 Be7 26.Nc5 Rxd4 27.Nd7 Rxd7 28.Rxd7 Bg5 29.Rgd4 Bc8
30.R7d6 Bb7 31.g4 Nf4 32.h4 Nd5 33.R4xd5 Bxe3 34.Rd3 Bc5 35.Rd7 Rf8 36.Rxb7 Bxf2+
37.Qxf2 Qxb7 38.Qc5 f6 39.exf6 gxf6 40.Qe3 Qf7 41.Qxh6 c5 42.Rf3 c4 43.bxc4 b4
44.g5 b3 45.Rxb3 Qa7+ 46.Kg2 Qd4 47.gxf6 Qe4+ 48.Kh2 Qd4 49.Bg2  1-0

[Event "Mikenas mem op"]
[Site "Vilnius"]
[Date "1997.??.??"]
[Round "?"]
[White "Krasenkow, Michal"]
[Black "Sulskis, Sarunas"]
[Result "1/2-1/2"]
[WhiteElo "2615"]
[BlackElo "2525"]

1.c4 Nf6 2.d4 e6 3.Nf3 b6 4.g3 Bb7 5.Bg2 Be7 6.O-O O-O 7.Nc3 Ne4 8.Qc2 Nxc3
9.Qxc3 c5 10.Rd1 cxd4 11.Qxd4 Nc6 12.Qxd7 Na5 13.Qa4 Qc8 14.Ne5 Bxg2 15.Kxg2 f6
16.b4 fxe5 17.bxa5 Bc5 18.f3 e4 19.f4 e5 20.Qd7 Bd4 21.Qd5+ Kh8 22.Rb1 Qf5
23.h3 Rad8 24.g4 Rxd5 25.gxf5 Rxa5 26.fxe5 Bxe5 27.Rb5 Rxb5 28.cxb5 h6 29.Rd5 Bf6
30.Rd6 Be5 31.Rd5 Bf6 32.Rd6 Be5 33.Rd5  1/2-1/2

[Event "Mikenas mem op"]
[Site "Vilnius"]
[Date "1997.??.??"]
[Round "4"]
[White "Sveshnikov, Evgeny"]
[Black "Krasenkow, Michal"]
[Result "0-1"]
[WhiteElo "2560"]
[BlackElo "2615"]

1.e4 e5 2.Nf3 Nc6 3.Bc4 Bc5 4.c3 Nf6 5.d4 exd4 6.e5 d5 7.Bb5 Ne4 8.cxd4 Bb4+
9.Nbd2 Bd7 10.O-O O-O 11.Nxe4 dxe4 12.Ng5 Nxe5 13.Qa4 Bxb5 14.Qxb5 Nd3 15.Be3 Qe7
16.f3 c6 17.Qc4 b5 18.Qxc6 exf3 19.Rxf3 Ne1 20.Rg3 Rac8 21.Qxb5 h6 22.Nh3 Nc2
23.Bxh6 Nxa1 24.Qf1 g6 25.Qxa1 Rfe8 26.Be3 Qxe3+ 27.Rxe3 Rxe3 28.Kf2 Re1
29.Qxe1 Bxe1+ 30.Kxe1 Rc2 31.Nf4 Rxb2 32.h4 Rxa2 33.g4 a5 34.h5 a4 35.hxg6 a3
36.gxf7+ Kxf7 37.Nd3 Rh2  0-1

[Event "POL-ch playoff"]
[Site "Warsaw"]
[Date "1997.??.??"]
[Round "?"]
[White "Krasenkow, Michal"]
[Black "Gdanski, Jacek"]
[Result "1-0"]
[WhiteElo "2615"]
[BlackElo "2485"]

1.d4 Nf6 2.c4 c5 3.d5 d6 4.Nc3 g6 5.e4 Bg7 6.Bd3 O-O 7.h3 e6 8.Nf3 exd5 9.cxd5 b5
10.Nxb5 Re8 11.Bg5 c4 12.Bxc4 Rxe4+ 13.Be2 Qa5+ 14.Nd2 Ba6 15.Nc3 Bxe2 16.Nxe2 Re5
17.Bf4 Rxd5 18.O-O Nh5 19.Qc2 Nd7 20.Be3 Qa6 21.Ne4 Nc5 22.N4c3 Rd3 23.Rfd1 Nf6
24.b4 Rxd1+ 25.Rxd1 Ne6 26.Qb3 Ne8 27.a4 Qb7 28.b5 Rc8 29.Nd5 Nc5 30.Qb4 Qd7
31.a5 Ne6 32.b6 axb6 33.Bxb6 Qb7 34.Nef4 Be5 35.Nxe6 fxe6 36.Nf4 Kf7 37.Nd3 Bf6
38.Qb5 Qc6 39.Qxc6 Rxc6 40.Nb4 Rc3 41.a6 Ra3 42.a7 d5 43.Rc1 Nd6 44.Rc7+ Ke8
45.Nc2 Ra4 46.Rc5 Nc4 47.Ba5  1-0

[Event "POL-ch playoff"]
[Site "Warsaw"]
[Date "1997.??.??"]
[Round "?"]
[White "Krasenkow, Michal"]
[Black "Kempinski, Robert"]
[Result "1-0"]
[WhiteElo "2615"]
[BlackElo "2515"]

1.d4 Nf6 2.c4 g6 3.Nc3 Bg7 4.e4 O-O 5.Nf3 d6 6.h3 Na6 7.Bg5 c6 8.Nd2 Ne8
9.Nb3 Nac7 10.Qd2 a5 11.Rd1 a4 12.Na1 Ne6 13.Be3 Qa5 14.Nc2 Nf6 15.Be2 c5
16.d5 Nc7 17.f4 Nfe8 18.Na3 Bd7 19.O-O f5 20.exf5 gxf5 21.g4 Nf6 22.gxf5 Bxf5
23.Kh2 Ne4 24.Nxe4 Bxe4 25.Qc1 Kh8 26.Rg1 Bf6 27.Bd2 Qb6 28.Bc3 Ne8 29.Nb5 Bxc3
30.Nxc3 Bf5 31.Qe3 Nf6 32.Rg5 Ng8 33.Nb5 Rf6 34.Rdg1 Qa5 35.Bd3 Bxd3 36.Qxd3 Rf7
37.a3 Raf8 38.R5g2 Nf6 39.Qe2 Qd8 40.Qe6 Qe8 41.Rg5 Qd8 42.R1g2 Nd7 43.Nc3 Rf6
44.Qe4 R8f7 45.Qe3 h6 46.R5g4 h5 47.Rg5 Rh6 48.Nxa4 Nf6 49.Nc3 Nh7 50.Ne2 Nxg5
51.fxg5 Rg6 52.Nf4 Qg8 53.h4 Rgg7 54.Nxh5 Qh7 55.Nxg7 Qxh4+ 56.Qh3 Qxh3+
57.Kxh3 Kxg7 58.Kg4 Rf1 59.Rg3 Rd1 60.Kf5 Re1 61.Rb3 Re5+ 62.Kf4 Kg6 63.Rxb7 Rf5+
64.Ke3 Re5+ 65.Kd2 Kxg5 66.a4 Kf6 67.a5 Rh5 68.a6 Rh1 69.Rb3 Rh2+ 70.Kd3 Rh3+
71.Kc2 Rh2+ 72.Kb1 Rh8 73.a7 Ra8 74.Ra3 Kf7 75.Kc2 e5 76.dxe6+ Kxe6 77.Kd3 Kd7
78.Ke4 Re8+ 79.Kf5 Rf8+ 80.Kg6 Ra8 81.Kf7 d5 82.cxd5 Kd6 83.Ra6+ Kxd5 84.Ke7 Kc4
85.Kd6 Kb5 86.Ra3 Kb6 87.Rb3+ Ka6 88.Kc7  1-0

[Event "POL-ch playoff"]
[Site "Warsaw"]
[Date "1997.??.??"]
[Round "?"]
[White "Gdanski, Jacek"]
[Black "Krasenkow, Michal"]
[Result "1-0"]
[WhiteElo "2485"]
[BlackElo "2615"]

1.e4 e5 2.Nf3 Nc6 3.Bb5 a6 4.Ba4 Nf6 5.O-O Nxe4 6.d4 b5 7.Bb3 d5 8.dxe5 Be6
9.Qe2 Be7 10.Rd1 O-O 11.c4 bxc4 12.Bxc4 Qd7 13.Nc3 Nxc3 14.bxc3 f6 15.exf6 Bxf6
16.Ng5 Bxg5 17.Bxg5 Kh8 18.Qd2 Rf5 19.Bd3 Rf7 20.Re1 Qd6 21.Bh4 Bf5 22.Bg3 Qf6
23.Rad1 Bxd3 24.Qxd3 Ne7 25.Re5 c6 26.Rde1 Ng6 27.Re6 Re7 28.Rxe7 Nxe7 29.Qd4 Qg6
30.Qb6 Nf5 31.Bb8 h5 32.Qd8+ Kh7 33.Re8 Qf7 34.h4 Kg6 35.Qg5+ Kh7 36.Qd8 Kg6
37.g3 Qf6 38.Qc8 Qxc3 39.Qb7 Rxb8 40.Qxb8 Nd4 41.Qb1+ Kf7 42.Re3 Qc4 43.Kg2  1-0

[Event "MK Cafe Cup-A"]
[Site "Koszalin"]
[Date "1998.08.04"]
[Round "2"]
[White "Hansen, Sune Berg"]
[Black "Krasenkow, Michal"]
[Result "1/2-1/2"]
[WhiteElo "2520"]
[BlackElo "2655"]

1.e4 c5 2.Nf3 Nc6 3.d4 cxd4 4.Nxd4 Nf6 5.Nc3 e5 6.Ndb5 d6 7.Bg5 a6 8.Na3 b5
9.Nd5 Be7 10.Bxf6 Bxf6 11.c3 Ne7 12.Nxf6+ gxf6 13.Be2 f5 14.exf5 Bxf5 15.Nc2 O-O
16.O-O d5 17.a4 bxa4 18.Rxa4 a5 19.Ne3 Be6 20.Qd2 Qb6 21.Rfa1 Rab8 22.Nd1 d4
23.Rxa5 Ng6 24.cxd4 Qxd4 25.Qxd4 exd4 26.g3 Bb3 27.f4 Rfe8 28.Kf1 Bxd1 29.Bxd1 Rxb2
30.R1a2 Rxa2 31.Rxa2 Ne7 32.Bf3 Nf5 33.Ra8 Ne3+ 34.Ke2 Rxa8 35.Bxa8 Kg7 36.Bf3 f5
37.h3 Nc2 38.Kd3 Ne1+ 39.Ke2 Nxf3 40.Kxf3 Kf6 41.Ke2 Ke6 42.Kd3 Kd5 43.g4 fxg4
44.hxg4 h6  1/2-1/2

[Event "MK Cafe Cup-A"]
[Site "Koszalin"]
[Date "1998.08.05"]
[Round "3"]
[White "Krasenkow, Michal"]
[Black "Nijboer, Friso"]
[Result "1/2-1/2"]
[WhiteElo "2655"]
[BlackElo "2525"]

1.Nf3 Nf6 2.c4 g6 3.Nc3 d5 4.cxd5 Nxd5 5.Qa4+ Bd7 6.Qb3 Nb6 7.d4 Bg7 8.Bf4 O-O
9.Rd1 a5 10.e4 Bg4 11.d5 a4 12.Qc2 f5 13.Nb5 Na6 14.Nxc7 fxe4 15.Ne6 Bxe6
16.dxe6 Nd5 17.Qxe4 Rxf4 18.Qxd5 Qxd5 19.Rxd5 Nb4 20.Rd7 Bxb2 21.Rxe7 Rc8
22.Rxb7 Re4+ 23.Kd1 a3 24.e7 Nxa2 25.Rd7 Bf6 26.Ba6 Re8 27.Nd2 Nc3+ 28.Kc2 R4xe7
29.Rd3 Ne2 30.Rxa3 Kg7 31.Bxe2 Rxe2 32.Rf1 Bg5 33.Ra7+ Kg8 34.Rd7 Rf8 35.h4 Bxh4
36.g3 Bg5 37.f4 Re7 38.Rd5 Bf6 39.Kd3 Rc7 40.Ne4 Bg7 41.Ke3  1/2-1/2

[Event "MK Cafe Cup-A"]
[Site "Koszalin"]
[Date "1998.08.10"]
[Round "8"]
[White "Gdanski, Jacek"]
[Black "Krasenkow, Michal"]
[Result "0-1"]
[WhiteElo "2540"]
[BlackElo "2655"]

1.e4 e5 2.Nf3 Nc6 3.Bc4 Bc5 4.c3 Nf6 5.d3 d6 6.O-O O-O 7.h3 a6 8.Bb3 Ba7
9.Re1 Kh8 10.Na3 b5 11.Be3 Bxe3 12.Rxe3 Na5 13.Nb1 Nxb3 14.axb3 c5 15.Nbd2 Ra7
16.b4 cxb4 17.cxb4 Qb6 18.Nf1 Rc7 19.Ng3 Bb7 20.Re2 Rfc8 21.Qd2 Ng8 22.d4 f6
23.Rd1 Ne7 24.dxe5 dxe5 25.Nf5 Kg8 26.N3h4 Ng6 27.g3 Nxh4 28.Nxh4 Qe6 29.Nf5 Bxe4
30.Nxg7 Qc6 31.Ne6 Re7 32.Nc5 Bf3 33.Re3 Bxd1 34.Qxd1 e4 35.Qg4+ Kh8 36.Kh2 Rce8
37.Qf4 a5 38.Nb3 axb4 39.Nd4 Qb6 40.Nf5 Rd7 41.h4 Qe6 42.f3 Rd5 43.Rxe4 Re5
44.Nh6 Rxe4 45.fxe4 Rc8 46.Ng4 b3 47.Kh3 Kg8 48.h5 Kf7 49.Kh4 Rc4 50.Nh6+ Kf8
51.Qb8+ Kg7 52.g4 Rxe4 53.Qd8 b4 54.Qb8 Rc4 55.Qa7+ Kf8 56.Qb8+ Ke7 57.Qb7+ Ke8
58.Qb8+ Qc8 59.Qa7 Qc6 60.Qf7+ Kd8 61.Nf5 Qh1+ 62.Kg3 Qg1+ 63.Kh3 Qxg4+  0-1

[Event "Elista ol (Men)"]
[Site "Elista"]
[Date "1998.09.30"]
[Round "2"]
[White "Krasenkow, Michal"]
[Black "Kakageldyev, Amanmurad"]
[Result "1-0"]
[WhiteElo "2655"]
[BlackElo "2475"]

1.d4 g6 2.c4 Bg7 3.Nc3 d6 4.e4 Nf6 5.Nf3 O-O 6.h3 e5 7.d5 c6 8.Bg5 cxd5 9.cxd5 Nbd7
10.Nd2 h6 11.Be3 Ne8 12.g4 a5 13.a3 Nc5 14.b4 axb4 15.axb4 Rxa1 16.Qxa1 Na6
17.Qa5 Qxa5 18.bxa5 Nb4 19.Kd1 f5 20.Be2 fxe4 21.Ndxe4 Nf6 22.Bc4 h5 23.gxh5 Nxh5
24.Nxd6 Rd8 25.Nde4 Bf5 26.Bb6 Ra8 27.Nd6 Bc2+ 28.Kd2 Bh6+ 29.Be3 Bf8 30.Nxb7 Rc8
31.Bb5 Nf6 32.d6 Ne4+ 33.Nxe4 Bxe4 34.Rc1 Rxc1 35.Kxc1 Bxb7 36.d7 Be7 37.Bb6 Nc6
38.a6 Ba8 39.Bc4+ Kg7 40.Bd5 Kf6 41.d8=Q Bxd8 42.Bxd8+ Kf5 43.Kd2 e4 44.Bc7  1-0

[Event "Elista ol (Men)"]
[Site "Elista"]
[Date "1998.10.04"]
[Round "6"]
[White "Krasenkow, Michal"]
[Black "Bogdanovski, Vlatko"]
[Result "0-1"]
[WhiteElo "2655"]
[BlackElo "2515"]

1.Nf3 Nf6 2.c4 e6 3.Nc3 Bb4 4.g4 d6 5.g5 Nfd7 6.Qc2 Nc6 7.a3 Bxc3 8.Qxc3 e5
9.b4 Qe7 10.Bb2 Nb6 11.b5 Nd8 12.a4 Bg4 13.Bg2 Rc8 14.d4 f6 15.gxf6 gxf6
16.Rg1 Rg8 17.Bh3 h5 18.dxe5 dxe5 19.Nd2 Qe6 20.a5 Nd7 21.O-O-O Rh8 22.Bxg4 hxg4
23.Ne4 b6 24.f3 Nf7 25.Rxg4 f5 26.Ng5 Qh6 27.Rgg1 Nxg5 28.Rxd7 Ne4+  0-1

[Event "Elista ol (Men)"]
[Site "Elista"]
[Date "1998.10.06"]
[Round "8"]
[White "Kelly, Bryan"]
[Black "Krasenkow, Michal"]
[Result "1-0"]
[WhiteElo "2405"]
[BlackElo "2655"]

1.d4 f5 2.g3 Nf6 3.Bg2 e6 4.Nf3 d5 5.O-O Bd6 6.c4 c6 7.b3 Qe7 8.Ne5 O-O 9.Bb2 b6
10.cxd5 cxd5 11.Nc4 Nc6 12.Nxd6 Qxd6 13.Nc3 Ba6 14.a4 Rfc8 15.Ba3 Qd7 16.Qd2 Ne4
17.Nxe4 dxe4 18.Rfd1 Na5 19.Rab1 Qd5 20.f3 Bb7 21.fxe4 fxe4 22.Bb4 Nc6 23.Bc3 Ne7
24.Rf1 Qh5 25.Bb4 Nf5 26.Rf4 Qg6 27.Rbf1 h5 28.d5 Rd8 29.Bxe4 Bxd5 30.Bxf5 exf5
31.Rd4  1-0

[Event "Elista ol (Men)"]
[Site "Elista"]
[Date "1998.10.07"]
[Round "9"]
[White "Krasenkow, Michal"]
[Black "Kulashko, Aleksei"]
[Result "1-0"]
[WhiteElo "2655"]
[BlackElo "2390"]

1.Nf3 c5 2.c4 g6 3.d4 Bg7 4.e4 cxd4 5.Nxd4 Qb6 6.Nb3 Nc6 7.Be2 d6 8.O-O Nf6
9.Nc3 O-O 10.Be3 Qc7 11.f4 b6 12.Rc1 Bb7 13.Qe1 Rae8 14.Qh4 e6 15.g4 d5 16.cxd5 exd5
17.e5 Qd8 18.Rfd1 Ne4 19.Qxd8 Rxd8 20.Nxd5 g5 21.Bf3 gxf4 22.Bxf4 Nc5 23.Nxc5 bxc5
24.Nf6+ Bxf6 25.exf6 Nd4 26.Bxb7 Ne2+ 27.Kf2 Nxf4 28.Ke3 Ne6 29.Bd5 Rd6 30.Be4 Ra6
31.Bb1 Re8 32.Kf2 Ng5 33.Rxc5 Rxf6+ 34.Rf5 Rxf5+ 35.Bxf5 Nh3+ 36.Kg2 Nf4+
37.Kg3 Ng6 38.h4 Re2 39.Rd7 a5 40.h5 Ne7 41.Bd3 Re3+ 42.Kf4 Re6 43.g5 Nc6
44.Bc4 Re7 45.Rxe7 Nxe7 46.h6  1-0

[Event "Najdorf op"]
[Site "Buenos Aires"]
[Date "1998.10.25"]
[Round "2"]
[White "Nedilsky, Diego"]
[Black "Krasenkow, Michal"]
[Result "0-1"]
[WhiteElo "2310"]
[BlackElo "2655"]

1.Nf3 d6 2.g3 e5 3.d3 f5 4.Bg2 Nf6 5.c4 g6 6.Nc3 Bg7 7.O-O O-O 8.Bd2 h6 9.Ne1 c6
10.Rb1 Be6 11.f4 exf4 12.gxf4 d5 13.cxd5 Nxd5 14.e3 Nb4 15.Na4 N8a6 16.Bxb4 Nxb4
17.a3 Nd5 18.Nc5 Bf7 19.Bxd5 Bxd5 20.d4 Re8 21.Nc2 Qe7 22.Qe2 b6 23.Nd3 Qe4
24.Kf2 Bc4 25.Rbd1 c5 26.Rg1 Kh7 27.dxc5 Rad8 28.Nce1 bxc5 29.b3 Ba6 30.h4 Bf6
31.Kg3 Qxe3+ 32.Qxe3 Rxe3+ 33.Kf2 Rexd3 34.Nxd3 Bd4+  0-1

[Event "Torneo de Pamplona 9th"]
[Site "Pamplona"]
[Date "1998.12.29"]
[Round "3"]
[White "Van Wely, Loek"]
[Black "Krasenkow, Michal"]
[Result "1/2-1/2"]
[WhiteElo "2635"]
[BlackElo "2655"]

1.d4 d5 2.c4 e6 3.Nc3 c6 4.e4 dxe4 5.Nxe4 Bb4+ 6.Bd2 Qxd4 7.Bxb4 Qxe4+ 8.Be2 Ne7
9.Qd2 Ng6 10.Nh3 Na6 11.O-O-O f6 12.Ba3 Kf7 13.g4 c5 14.f4 Rf8 15.Rhf1 Kg8
16.Bd3 Qc6 17.Nf2 Rb8 18.h4 e5 19.Bxg6 hxg6 20.fxe5 fxe5 21.b3 Nb4 22.Bxb4 cxb4
23.Qxb4 Be6 24.Rd6 Qg2 25.Qe1 Rbe8 26.Rd2 Qf3 27.Rg1 e4 28.Qxe4 Qc3+ 29.Qc2 Qa1+
30.Qb1 Qc3+ 31.Qc2  1/2-1/2

[Event "Tan Chin Nam Cup 5th"]
[Site "Shenyang"]
[Date "1999.07.08"]
[Round "1"]
[White "Krasenkow, Michal"]
[Black "Zhang Zhong"]
[Result "0-1"]
[WhiteElo "2647"]
[BlackElo "2541"]

1.d4 d5 2.c4 c6 3.Nc3 Nf6 4.e3 g6 5.Nf3 Bg7 6.Be2 O-O 7.O-O a6 8.Bd2 dxc4
9.Bxc4 Nbd7 10.a4 c5 11.d5 Ne8 12.e4 Nd6 13.Bd3 Rb8 14.Qe2 f6 15.Rab1 a5
16.Bf4 Ne5 17.Nxe5 fxe5 18.Bg3 Bd7 19.Kh1 Rc8 20.b3 Qe8 21.f3 g5 22.Nd1 h5
23.Qb2 c4 24.bxc4 Nxc4 25.Qa2 Nd6 26.Qa1 Nf7 27.Rxb7 h4 28.Be1 Nd6 29.Rb1 g4
30.Bxh4 gxf3 31.Ne3 Qh5 32.Bg3 Bh6 33.Qxe5 Qxe5 34.Bxe5 Bxe3 35.Rxf3 Rxf3
36.gxf3 Bxa4 37.Ra1 Bd7 38.Kg2 Rc1 39.Rxc1 Bxc1 40.Bc3 a4 41.e5 Nb5 42.Bb4 a3
43.Bc4 Kf8 44.Kg3 Bb2 45.f4 Nc3 46.Bxc3 Bxc3 47.Kh4 Bf5 48.Ba2 e6 49.Kg5 Kf7
50.h4 Ba5  0-1

[Event "Eu Team Ch"]
[Site "Batumi GEO"]
[Date "1999.11.30"]
[Round "2"]
[White "Lputian,S"]
[Black "Krasenkow,M"]
[Result "1-0"]
[WhiteElo "2625"]
[BlackElo "2647"]

1.Nf3 c5 2.c4 Nc6 3.Nc3 Nf6 4.g3 d5 5.cxd5 Nxd5 6.Bg2 g6 7.Qa4 Bg7 8.Ng5 e6
9.Nge4 Nb6 10.Qb5 c4 11.b3 O-O 12.bxc4 Nd4 13.Qb1 Nxc4 14.O-O f5 15.Nc5 Qb6
16.Nb3 Nb5 17.Nxb5 Qxb5 18.d3 Nb6 19.Bb2 Bxb2 20.Qxb2 Bd7 21.Qa3 Na4 22.Rab1 Qa6
23.Nd4 Rab8 24.Rfc1 b5 25.Nc6 Bxc6 26.Rxc6 Rb6 27.Qd6 Rxc6 28.Bxc6 Nc3 29.Qxe6+ Rf7
30.Rb2 Qb6 31.Bd5 Nxd5 32.Qxd5 a6 33.Rc2 Kg7 34.Rc6 Qb7 35.Qd4+ Kh6 36.Rb6 Qe7
37.Qe3+ Qxe3 38.fxe3 Rc7 39.Rxa6 Rc1+ 40.Kf2 Rh1 41.h4 Kh5 42.a4 b4 43.Rb6 Rb1
44.a5 Kg4 45.a6 Kh3 46.d4 b3 47.d5  1-0

[Event "Eu Team Ch"]
[Site "Batumi GEO"]
[Date "1999.12.01"]
[Round "3"]
[White "Krasenkow,M"]
[Black "Illescas Cordoba,M"]
[Result "1-0"]
[WhiteElo "2647"]
[BlackElo "2600"]

1.d4 d5 2.c4 e6 3.Nf3 c5 4.cxd5 exd5 5.Nc3 Nc6 6.g3 Nf6 7.Bg2 Be7 8.O-O O-O
9.Bg5 cxd4 10.Nxd4 h6 11.Be3 Re8 12.Qc2 Bg4 13.Rfd1 Bf8 14.Nxc6 bxc6 15.Bd4 Bh5
16.Rd2 Nd7 17.f4 Nb6 18.e4 Nc4 19.Rd3 Qa5 20.g4 Bxg4 21.Rg3 Bd7 22.exd5 Rac8
23.Ne4 Rxe4 24.Bxe4 Nd2 25.d6 Nxe4 26.Qxe4 Re8 27.Qg2 Re1+ 28.Rxe1 Qxe1+
29.Qf1 Qe4 30.Be5 c5 31.Kf2 Bc6 32.Qe1 Qf5 33.Qc3 f6 34.Bxf6 Qxf4+ 35.Kg1 g5
36.Be5 Qe4 37.Kf2 Qf5+ 38.Ke1 Qe4+ 39.Kd2 c4 40.Re3 Qd5+ 41.Kc1 Bd7 42.b3 Bb5
43.Qc2 Qe6 44.bxc4 Bxc4 45.d7 Be7 46.Bd4  1-0

[Event "Eu Team Ch"]
[Site "Batumi GEO"]
[Date "1999.12.03"]
[Round "5"]
[White "Krasenkow,M"]
[Black "Korchnoi,V"]
[Result "1/2-1/2"]
[WhiteElo "2647"]
[BlackElo "2676"]

1.c4 e6 2.Nc3 d5 3.d4 Bb4 4.Nf3 Nf6 5.Qa4+ Nc6 6.e3 O-O 7.Bd2 a6 8.a3 Bxc3
9.Bxc3 Ne4 10.Qc2 Nxc3 11.Qxc3 Re8 12.Rd1 Bd7 13.Bd3 dxc4 14.Bxc4 Ne7 15.e4 Bb5
16.b3 Qd6 17.a4 Bxc4 18.bxc4 c5 19.O-O cxd4 20.Rxd4 Qc7 21.Rfd1  1/2-1/2

[Event "Eu Team Ch"]
[Site "Batumi GEO"]
[Date "1999.12.05"]
[Round "6"]
[White "Leko,P"]
[Black "Krasenkow,M"]
[Result "1/2-1/2"]
[WhiteElo "2701"]
[BlackElo "2647"]

1.e4 c5 2.Nf3 Nc6 3.d4 cxd4 4.Nxd4 Nf6 5.Nc3 e5 6.Ndb5 d6 7.Bg5 a6 8.Na3 b5
9.Bxf6 gxf6 10.Nd5 f5 11.Bd3 Be6 12.O-O Bxd5 13.exd5 Ne7 14.c3 Bg7 15.Qh5 e4
16.Bc2 O-O 17.Rae1 Qc8 18.Kh1 Ng6 19.Bb1 b4 20.cxb4 Bxb2 21.Nc2 Bc3 22.Re2 Bg7
23.f4 exf3 24.Qxf3 f4 25.Ne1 Qc4 26.Qe4 Rfc8 27.Nd3 a5 28.bxa5 Qxe4 29.Rxe4 Rxa5
30.Nxf4 Be5 31.Nd3 Bc3 32.Nf4 Be5 33.Nd3 Bc3 34.Re3 Rxd5 35.Bc2 Bd2 36.Bb3 Bxe3
37.Bxd5 Rc7 38.Bb3 Ne5 39.Nb4 Rc1 40.Rxc1 Bxc1 41.a4 Bd2 42.Nd5 Kf8 43.Kg1 Nd3
44.Bc2 Nc5 45.Kf2 h6 46.Ke2 Bg5 47.g3 Ke8 48.h4 Bc1 49.a5 Kd7 50.Bd3 Kc6
51.Nb4+ Kb7 52.g4 Bb2 53.Nd5 Nd7 54.a6+ Kb8 55.Ne7 Ne5 56.Be4 Ka7 57.Bb7 d5
58.Nc8+ Kb8 59.Bxd5 Bd4 60.Ne7 Bc5 61.Nf5 Nxg4 62.Bf3 h5 63.Bxg4 hxg4 64.h5 Bf8
65.Kf2 Ka7 66.Kg3 Kxa6 67.Kxg4 f6 68.Nd4 Kb6 69.Kf5 Bh6 70.Kxf6 Kc7 71.Kg6 Bc1
72.Ne6+ Kd6 73.Ng5 Bxg5 74.Kxg5 Ke7 75.Kf4 Ke6 76.Ke4  1/2-1/2

[Event "Eu Team Ch"]
[Site "Batumi GEO"]
[Date "1999.12.07"]
[Round "9"]
[White "Krasenkow,M"]
[Black "Filippov,V"]
[Result "1-0"]
[WhiteElo "2647"]
[BlackElo "2605"]

1.d4 Nf6 2.c4 e6 3.Nf3 d5 4.Nc3 Bb4 5.Qa4+ Nc6 6.e3 O-O 7.Bd2 a6 8.a3 Bxc3
9.Bxc3 Ne4 10.Qc2 Qe7 11.Bd3 Nxc3 12.Qxc3 dxc4 13.Bxc4 Re8 14.Rd1 b6 15.O-O Bb7
16.e4 Na7 17.Rfe1 Nb5 18.Qb3 Nd6 19.Bd3 Rad8 20.Bb1 Nb5 21.a4 Na7 22.d5 e5
23.Rc1 Rd6 24.Nd2 Nc8 25.Nc4 Rh6 26.Ne3 Nd6 27.Rc3 Bc8 28.Qc2 Qh4 29.Nf1 Rf8
30.Rxc7 f5 31.Qc3 fxe4 32.Qg3 Qf6 33.Bxe4 Nxe4 34.Rxe4 Rg6 35.Qe3 Qd6 36.Rc6 Qxd5
37.Rxg6 hxg6 38.Rxe5 Qc6 39.b3 Bf5 40.Ng3 Bc2 41.h3 Rf6 42.Ne2 Qd6 43.Nd4 Bf5
44.Re8+ Rf8 45.Nxf5 gxf5 46.Re6 Qd1+ 47.Kh2 f4 48.Qxb6 f3 49.Re4 fxg2 50.Qe6+ Rf7
51.Qc8+ Kh7 52.Rh4+ Kg6 53.Qg4+ Qxg4 54.Rxg4+ Kf5 55.Kxg2 Rc7 56.b4 g6 57.b5 a5
58.Rg3  1-0

[Event "Sufe Cup"]
[Site "Shanghai CHN"]
[Date "2000.03.05"]
[Round "3"]
[White "Aung Aung"]
[Black "Krasenkow,M"]
[Result "0-1"]
[WhiteElo "2595"]
[BlackElo "2661"]

1.d4 d6 2.c4 e5 3.dxe5 dxe5 4.Qxd8+ Kxd8 5.Nf3 f6 6.Nc3 Be6 7.e3 Nd7 8.Be2 c6
9.O-O Nh6 10.Rd1 Nf7 11.b3 a5 12.Bb2 Kc7 13.Rac1 Nc5 14.Nd2 Be7 15.Nde4 Nxe4
16.Nxe4 a4 17.Nc3 axb3 18.axb3 Ba3 19.Bxa3 Rxa3 20.Rb1 Rd8 21.Rxd8 Nxd8 22.Kf1 Bf5
23.Rb2 Ne6 24.Bd1 Ra8 25.Bc2 Bxc2 26.Rxc2 Nc5 27.b4 Nd3 28.b5 f5 29.Ke2 Nc5
30.f3 Ra3 31.bxc6 bxc6 32.Nd1 Ra1 33.Kd2 g5 34.Ke2 e4 35.Kd2 h5 36.Ke2 exf3+
37.gxf3 g4 38.Nf2 Rg1 39.fxg4 fxg4 40.Rd2 Rg2 41.Kf1 Rxh2 42.Rd4 Ne6 43.Nxg4 Rh1+
44.Kg2 Rh4 45.Kg3 Rxg4+ 46.Rxg4 hxg4 47.Kxg4 Kd6 48.Kf5 Nc5 49.e4 Nd7 50.Kf4 Kc5
51.Kf5 Kxc4 52.Ke6 Nb6 53.Kd6 c5 54.e5 Kd4 55.e6 Nd5  0-1

[Event "Sufe Cup"]
[Site "Shanghai CHN"]
[Date "2000.03.07"]
[Round "5"]
[White "Pigusov,E"]
[Black "Krasenkow,M"]
[Result "1/2-1/2"]
[WhiteElo "2610"]
[BlackElo "2661"]

1.c4 c5 2.Nf3 Nc6 3.Nc3 Nd4 4.g3 g6 5.Bg2 Bg7 6.e3 Nxf3+ 7.Bxf3 d6 8.a3 h5
9.h3 Bxc3 10.bxc3 Nf6 11.d3 e5 12.e4 Nh7 13.h4 Be6 14.Rb1 Qd7 15.Bg2 f6 16.Be3 b6
17.a4 O-O 18.Rb5 Rf7 19.a5 bxa5 20.Rxa5 Rb8 21.O-O Bh3 22.d4 Bxg2 23.Kxg2 exd4
24.cxd4 Qe6 25.dxc5 Qxe4+ 26.Qf3 Qxf3+ 27.Kxf3 dxc5 28.Rxc5 Nf8 29.Rc6 Nd7
30.Bd4 Re8 31.Kg2 Ne5 32.Ra6 Nxc4 33.Bxf6 Nb6 34.Bd4 Re4 35.Be3 Ra4 36.Rxa4 Nxa4  1/2-1/2

[Event "Sufe Cup"]
[Site "Shanghai CHN"]
[Date "2000.03.09"]
[Round "7"]
[White "Wang Lei"]
[Black "Krasenkow,M"]
[Result "1/2-1/2"]
[WhiteElo "2495"]
[BlackElo "2661"]

1.d4 d6 2.c4 e5 3.Nf3 e4 4.Ng5 f5 5.g3 h6 6.Nh3 g5 7.Nc3 Bg7 8.f3 Nf6 9.Bg2 O-O
10.O-O Qe7 11.fxe4 fxe4 12.Nf2 Bf5 13.Be3 c6 14.Qd2 Na6 15.d5 c5 16.Rab1 Rf7
17.a3 Re8 18.Rfc1 h5 19.Rf1 h4 20.Nh3 Bxh3 21.Bxh3 g4 22.Bg2 hxg3 23.hxg3 Nh5
24.Rxf7 Qxf7 25.Nxe4 Nxg3 26.Nxd6 Qg6 27.Nxe8 Qxb1+ 28.Kf2 Nh1+ 29.Bxh1 Qxh1
30.Nxg7 Qh2+ 31.Kf1 Qh3+ 32.Ke1 Qh1+ 33.Kf2 Qh2+ 34.Kf1 Qh3+  1/2-1/2

[Event "Sufe Cup"]
[Site "Shanghai CHN"]
[Date "2000.03.10"]
[Round "8"]
[White "Krasenkow,M"]
[Black "Peng Xiaomin"]
[Result "1-0"]
[WhiteElo "2661"]
[BlackElo "2624"]

1.c4 c5 2.Nf3 Nc6 3.d4 cxd4 4.Nxd4 e6 5.Nc3 Nf6 6.Bf4 d6 7.Ndb5 Ne5 8.c5 Nh5
9.e3 Nxf4 10.exf4 Nc6 11.cxd6 Rb8 12.Nc7+ Kd7 13.Ne4 Qh4 14.g3 Qh6 15.Bb5 Kd8
16.Bxc6 bxc6 17.Qa4 Qg6 18.O-O f5 19.Qa5 fxe4 20.Nxe6+ Ke8 21.Qd8+ Kf7 22.Ng5+ Kg8
23.d7 Bxd7 24.Qxb8  1-0

[Event "57th ch-POL"]
[Site "Plock POL"]
[Date "2000.05.02"]
[Round "5"]
[White "Krasenkow,M"]
[Black "Blehm,P"]
[Result "1/2-1/2"]
[WhiteElo "2661"]
[BlackElo "2494"]

1.c4 g6 2.d4 Nf6 3.Nc3 Bg7 4.e4 d6 5.Nf3 O-O 6.h3 e5 7.d5 a5 8.Bg5 Na6 9.Nd2 h6
10.Be3 Nd7 11.g4 Ndc5 12.Nb3 Qh4 13.Nxa5 f5 14.a3 fxe4 15.b4 Nd3+ 16.Bxd3 exd3
17.Ne4 Bf5 18.Qf3 Bxe4 19.Qxe4 Nc5 20.bxc5 Rxa5 21.cxd6 cxd6 22.Qxg6 Ra4
23.Qxd3 e4 24.Qc2 Qf6 25.Rc1 Qf3 26.Qxa4 Qxh1+ 27.Kd2 Qg2 28.Qd1 Bb2 29.Rb1 Rxf2+
30.Bxf2 Qxf2+ 31.Qe2 Qd4+ 32.Kc2 Qc3+ 33.Kd1 Qb3+ 34.Qc2 Qf3+ 35.Qe2  1/2-1/2

[Event "chT-POL"]
[Site "Zakopane chT"]
[Date "2000.09.03"]
[Round "2"]
[White "Urban,K"]
[Black "Krasenkow,M"]
[Result "0-1"]
[WhiteElo "2472"]
[BlackElo "2702"]

1.g3 e5 2.c4 Nf6 3.Bg2 c6 4.d4 exd4 5.Qxd4 d5 6.Nf3 Be6 7.cxd5 cxd5 8.Qa4+ Nc6
9.Nd4 Qd7 10.O-O Bc5 11.Nxc6 bxc6 12.Nc3 O-O 13.Bg5 Ng4 14.Rac1 Bb6 15.Qd1 Ne5
16.Na4 Bh3 17.b3 Rfe8 18.Qd2 Bxg2 19.Kxg2 d4 20.e4 f5 21.exf5 d3 22.Nxb6 axb6
23.Be3 Qd5+ 24.f3 Ng4 25.Rce1 Rxa2 26.Qxa2 Nxe3+ 27.Rxe3 Rxe3 28.Rf2 h5 29.Qd2 Qe5
30.h3 c5 31.g4 h4 32.f4 Qe4+ 33.Kh2 Re2  0-1

[Event "chT-POL"]
[Site "Zakopane chT"]
[Date "2000.09.10"]
[Round "8"]
[White "Krasenkow,M"]
[Black "Grabarczyk,M"]
[Result "1/2-1/2"]
[WhiteElo "2702"]
[BlackElo "2495"]

1.Nf3 d5 2.d4 c6 3.c4 Nf6 4.Nc3 e6 5.Bg5 h6 6.Bh4 Nbd7 7.e3 Be7 8.Qc2 O-O
9.O-O-O dxc4 10.Bxc4 b5 11.Bd3 Bb7 12.Kb1 Rc8 13.Ne5 Nxe5 14.dxe5 Nd5 15.Nxd5 cxd5
16.Bxe7 Qxe7 17.Qe2 b4 18.f4 a5 19.g4 d4 20.Rhg1 dxe3 21.g5 g6 22.gxh6 Rfd8
23.Qxe3 Qh4 24.f5 exf5 25.e6 Rxd3 26.Rxd3 Be4 27.exf7+ Kxf7 28.Ka1 Bxd3 29.Qxd3 Rd8
30.Qa6 Qxh6 31.a4 Re8 32.Qxa5 Qxh2 33.Qd5+ Re6 34.Rxg6 Kxg6 35.Qxe6+ Kg5
36.Qe7+ Kg6 37.Qxb4 f4 38.Qe4+ Kg5 39.a5 Qd2 40.Qe5+ Kg4 41.Ka2 Qb4 42.Qe6+ Kg3
43.Qg6+ Kh4 44.Qf6+ Kg4 45.Qg7+ Kh4 46.Qh8+ Kg4 47.Qc8+ Kg3 48.Qc3+ Qxc3
49.bxc3 f3 50.a6 f2 51.a7 f1=Q 52.a8=Q Qc4+ 53.Kb2 Qb5+ 54.Kc1 Qf1+ 55.Kd2 Qf2+
56.Kd3 Qf1+ 57.Kd4 Qf2+ 58.Kc4 Qe2+ 59.Kc5 Qf2+ 60.Kc4 Qe2+ 61.Kb3 Qb5+ 62.Kc2 Qe2+
63.Kc1 Qf1+ 64.Kb2 Qb5+ 65.Ka2 Qc4+  1/2-1/2